Práva pôvodných obyvateľov v kontexte zmien životného prostredia diplomová práca

Gespeichert in:
Bibliographische Detailangaben
1. Verfasser: Ostradecká, Kristína
Körperschaft: Fakulta medzinárodných vzťahov EU. Katedra medzinárodného práva
Weitere Verfasser: Harakaľová, Dorota, 1989-
Format: Buch
Sprache:Slowakisch
Veröffentlicht: Bratislava 2021
Tags: Tag hinzufügen
Keine Tags, Fügen Sie das erste Tag hinzu!

MARC

LEADER 00000nbm a2200000 4500
001 0275313
005 20220314132720.5
041 0 |a slo 
044 |a SK 
245 1 0 |a Práva pôvodných obyvateľov v kontexte zmien životného prostredia  |b diplomová práca  |c Kristína Ostradecká ; školiteľ: Dorota Harakaľová 
264 1 |a Bratislava  |c 2021 
300 |a 82 s. 
100 1 |a Ostradecká, Kristína 
700 1 |a Harakaľová, Dorota, 1989- 
710 2 |a Fakulta medzinárodných vzťahov EU. Katedra medzinárodného práva